| 000 | 00812nam a22002057a 4500 | ||
|---|---|---|---|
| 999 |
_c18670 _d18670 |
||
| 003 | AR-CdUCM | ||
| 008 | 190514b ||||| |||| 00| 0 spa d | ||
| 040 |
_aMUNICIPALIDAD PROVINCIAL DEL CUSCO _cBIBLIOTECA MUNICIPAL DEL CUSCO |
||
| 082 |
_a985.0081 / _bG2 |
||
| 100 |
_aGarcía Calderón, Francisco _928682 |
||
| 245 |
_aEn torno al Perú y América : _bpáginas escogidas / |
||
| 260 |
_aLima : _bJuan Mejía Baca & P. L. Villanueva, _c1954. |
||
| 300 |
_a340 páginas ; _c23 cm. |
||
| 505 | _aContenido: El Perú contemporáneo -- Hombres e ideas de nuestro tiempo -- Memoria presentada al congreso de filosofía de Heildelberg... | ||
| 650 |
_aPanamericanismo _939402 |
||
| 650 |
_aFilosofía latinoamericana _914497 |
||
| 650 |
_aCivilización _91048 |
||
| 942 |
_2ddc _cLIBROS |
||
| 945 |
_adavv _d2019-05-14 |
||